[Event "CZE-ch (Women)"]
[Site "Frymburk"]
[Date "2002.??.??"]
[Round "1"]
[White "Rerabkova, Lucie"]
[Black "Valickova, Petra"]
[Result "1-0"]
[WhiteElo "1989"]
[BlackElo "1549"]
[PlyCount "59"]
[EventDate "2002.??.??"]
[EventType "swiss"]
[EventRounds "9"]
[EventCountry "CZE"]
[SourceTitle "EXT 2005"]
[Source "ChessBase"]
[SourceDate "2004.11.15"]
[SourceVersion "1"]
[SourceVersionDate "2004.11.15"]
[SourceQuality "1"]

1. e4 e5 2. Nf3 Nc6 3. Bb5 a6 4. Ba4 Nf6 5. d4 b5 6. Bb3 Nxe4 7. dxe5 Nc5 8. Qd5 Nxb3 9. axb3 Be7 10. Nc3 Bb7 11. Bf4 0-0 12. 0-0 Na5 13. Qd3 c5 14. Nd5 c4 15. Qd2 Bxd5 16. Qxd5 Rc8 17. Rfd1 Bc5 18. bxc4 Qb6 19. Bg3 Nxc4 20. b3 Na3 21. Qe4 Qa5 22. Ng5 g6 23. Qh4 h5 24. Ne4 b4 25. Rxd7 Qb5 26. Nf6+ Kg7 27. Rad1 Qe2 28. R7d2 Rfd8 29. Ne8+ Kh7 30. Rxd8 1-0

[Event "CZE-ch (Women)"]
[Site "Frymburk"]
[Date "2002.??.??"]
[Round "8"]
[White "Sikorova, Olga"]
[Black "Rerabkova, Lucie"]
[Result "1-0"]
[WhiteElo "2196"]
[BlackElo "1989"]
[PlyCount "51"]
[EventDate "2002.??.??"]
[EventType "swiss"]
[EventRounds "9"]
[EventCountry "CZE"]
[SourceTitle "EXT 2005"]
[Source "ChessBase"]
[SourceDate "2004.11.15"]
[SourceVersion "1"]
[SourceVersionDate "2004.11.15"]
[SourceQuality "1"]

1. d4 Nf6 2. Nc3 d5 3. Bg5 e6 4. e4 dxe4 5. Nxe4 Be7 6. Bxf6 Bxf6 7. Nf3 b6 8. Bb5+ Bd7 9. Bd3 Bc6 10. c3 Nd7 11. Bc2 Qe7 12. Qd3 Bb7 13. a4 Rd8 14. 0-0 Bxe4 15. Qxe4 c5 16. Ne5 Qd6 17. Nc6 Ra8 18. Rad1 g6 19. Qf3 Bg7 20. dxc5 Qc7 21. cxb6 Nxb6 22. a5 Nd5 23. Rxd5 exd5 24. Re1+ Kf8 25. Qxd5 Rc8 26. Qc5+ 1-0

[Event "Prague AKO op"]
[Site "Prague"]
[Date "2001.??.??"]
[Round "?"]
[White "Dolezal, Radoslav1111"]
[Black "Rerabkova, Lucie"]
[Result "1/2-1/2"]
[WhiteElo "2035"]
[BlackElo "2015"]
[PlyCount "31"]
[EventDate "2001.??.??"]
[EventType "swiss"]
[EventRounds "9"]
[EventCountry "CZE"]
[SourceTitle "EXT 2003"]
[Source "ChessBase"]
[SourceDate "2002.11.25"]
[SourceVersion "1"]
[SourceVersionDate "2002.11.25"]
[SourceQuality "1"]

1. e4 c5 2. Nc3 Nc6 3. f4 e6 4. Nf3 d5 5. d3 g6 6. e5 Bg7 7. Be2 Nge7 8. 0-0 0-0 9. Qe1 Nf5 10. Bd1 b6 11. g4 Nfd4 12. Ne2 Nxe2+ 13. Qxe2 Ba6 14. c3 d4 15. c4 Ne7 16. Ng5 1/2-1/2

[Event "Nachod op 7th"]
[Site "Nachod"]
[Date "2001.??.??"]
[Round "8"]
[White "Rerabkova, Lucie"]
[Black "Klicnar, Martin"]
[Result "0-1"]
[WhiteElo "2035"]
[BlackElo "2215"]
[PlyCount "69"]
[EventDate "2001.??.??"]
[EventType "swiss"]
[EventRounds "9"]
[EventCountry "CZE"]
[SourceTitle "EXT 2007"]
[Source "ChessBase"]
[SourceDate "2006.11.23"]
[SourceVersion "1"]
[SourceVersionDate "2006.11.23"]
[SourceQuality "1"]

1. e4 e5 2. Nf3 Nc6 3. Bb5 a6 4. Ba4 Nf6 5. d4 exd4 6. 0-0 Be7 7. Re1 0-0 8. e5 Ne8 9. c3 b5 10. Bc2 d5 11. Qd3 g6 12. Bh6 Ng7 13. Nxd4 Nxd4 14. Qxd4 c5 15. Qe3 Re8 16. Bxg7 Kxg7 17. Nd2 Be6 18. Nb3 Qc7 19. a4 Red8 20. Red1 Rab8 21. axb5 axb5 22. Rd2 b4 23. Rad1 Rb6 24. h3 Ra8 25. Re1 bxc3 26. bxc3 Ra3 27. Nc1 d4 28. Qf4 Rxc3 29. Be4 Ra3 30. Ne2 Rba6 31. Rdd1 Ra2 32. Rc1 Qd8 33. Bd3 R6a3 34. Bb1 Bg5 35. Qe4 0-1